000 00930cam a2200277 i 4500
999 _c43493
_d43493
001 43493
003 Mx-PuUPA
005 20210308114711.0
008 140415s2002 mx a gr 001 0 spa d
020 _a9701038150
040 _aMX-PuUPA
_bspa
_erda
_cMx-PuUPA
_dMx-PuUPA
041 0 _aspa
100 1 _aTakahashi Monroy, Takeshi,
_eautor
_96800
245 1 0 _aCirugía, bases clínicas y prácticas /
_cTakeshi Takahashi Monroy, Sandra Minerva García Osogobio.
250 _aPrimera edición
264 1 _aMéxico, D.F. :
_bMcGraw-Hill Interamericana Editores,
_c2002
300 _axxii, 692 páginas :
_bilustraciones ;
_c24 cm.
336 _atexto
_2rdacontent
_btxt
337 _asin medio
_2rdamedia
_bn
338 _avolumen
_2rdacarrier
_bnc
650 4 _aCirugía
700 1 _aGarcía Osogobio, Sandra Minerva,
_eautor
942 _2ddc
_cLI
_h617
_iT136